| 000 | 00879nam a2200241Ia 4500 | ||
|---|---|---|---|
| 003 | GCL | ||
| 008 | 140319s9999 xx 000 0 ara d | ||
| 040 |
_aGCL / _cGCL |
||
| 082 | 0 | 4 |
_a006.3 _bا ك |
| 100 | 1 | _aالسيد نصرالدين السيد | |
| 245 | 1 | 0 |
_aكيف يفكر الحاسب : _bدليل القارئ الذكى لاسرار الذكاء الاصطناعى / _cالسيد نصرالدين السيد |
| 250 | _aالاولى | ||
| 260 |
_aالقاهرة : _bدار العين للنشر ، _c2006 |
||
| 300 |
_a118 ص ؛ _c19 سم |
||
| 650 | 0 | 4 | _aالهندسة الالكترونية |
| 650 | 0 | 4 | _aالتفكير |
| 650 | 0 | 4 | _aالمعرفة |
| 650 | 0 | 4 | _aالذكاء الاصطناعى |
| 650 | 0 | 4 | _aالادراك |
| 650 | 0 | 4 | _aالمشاكل |
| 650 | 0 | 4 | _aالحاسبات الالكترونية - الذكاء الصناعى |
| 942 |
_2ddc _cBK |
||
| 999 |
_c9763 _d9763 |
||